Uhorková sezóna neplatí Augustové výstavy v Galérii J. Jakobyho

Bibliographic Details
Main Author: Němcová, Helena (Author)
Corporate Author: Galéria Júliusa Jakobyho (Košice, Slovensko) (Author)
Format: Article
Language:Slovak
Subjects:

MARC

LEADER 00000nab a2200000 a 4500
001 vtls000893421
003 SK-MaSNL
005 20260303233532.0
008 040720e19950809xo 0 slo
035 |a KE2456 
040 |a KEVKJB  |b slo  |c KEVKJB  |e AACR2 
041 0 |a slo 
044 |a xo  |c SK 
080 |a 069  |2 1981 
080 |a 73/76  |2 1981 
100 1 |a Němcová, Helena  |4 aut  |9 7479 
245 1 0 |a Uhorková sezóna neplatí  |b Augustové výstavy v Galérii J. Jakobyho 
610 2 7 |a Galéria Júliusa Jakobyho (Košice, Slovensko)  |2 KEVKJB  |9 29565 
610 2 7 |a Abovská galéria Júliusa Jakobyho (Košice, Slovensko)  |2 KEVKJB  |9 29582 
650 0 7 |a výstavy krátkodobé  |2 KEVKJB  |9 1270414 
650 0 7 |a informácie  |2 KEVKJB  |9 1285 
651 7 |a Košice (Slovensko)  |2 KEVKJB  |9 18694 
651 7 |a KE,  |2 KEVKJB  |9 877256 
651 7 |a KE,  |2 KEVKJB  |9 877256 
655 7 |a periodikum  |2 snkbucl  |9 29553 
710 2 |a Galéria Júliusa Jakobyho (Košice, Slovensko)  |4 aut  |9 29565 
773 0 8 |t Košický večer  |g Roč. 6  |g Roč. 28, č.153, 9.8.1995, s. 3 
852 |a ZVYKNI  |b KIS3GCP 
999 |c 2515713  |d 2517643